000 01886cam a2200301 4500
001 L129813
008 050524n2004 000 0 eng u
020 _a0117539155
035 _a(Sirsi) u129813
041 _aeng
050 _a692.2
_c18
110 _aUnited Kingdom
_bOffice of the Deputy Prime Minister
245 4 _aThe Building Regulations 2000
_bthe Building (Approved Inspectors etc) Regulations 2000 - resistance to the passage of sound. Approved Document E. Amendments 2004 to Approved Document E (resistance to the passage of sound)
260 _aNorwich
_bTSO
_c2004
505 _aAmendments, clarifications and corrections to Approved Document E 2003 edition
505 _aSound insulation (Regulation 20A)
505 _aSound insulation (Regulation 12A)
505 _aHistoric buildings
505 _aAnnex E: design details approved by Robust Details Ltd
520 _aThe introduction of robust details (high performance separating wall and floor constructions that should not require pre-completion testing) has necessitated the amendment of Regulations 20A and 12A, made by the Building (Amendment) Regulations 2004 and the Building (Approved Inspector etc) (Amendment) Regulations 2004 respectively. The resulting 2004 amendments to Approved Document E 2003 edition came into effect 1 July 2004.
650 _aBUILDING REGULATIONS 2000 APPROVED DOCUMENT E (2003 EDITION)
650 _aBUILDING (APPROVED INSPECTORS ETC.) (AMENDMENT) REGULATIONS 2004
650 _aBUILDING (AMENDMENT) REGULATIONS 2004
650 _aROBUST STANDARD DETAILS
690 _aBuilding regulations
_96224
856 _uhttps://webarchive.nationalarchives.gov.uk/+/communities.gov.uk/pub/266/approveddocumenteresistancetothepassageofsoundamendments2004pdf302kb_id1161266.pdf
_zView this item free of charge at webarchive.nationalarchives.gov.uk website.
942 _n0
999 _c104282
_d104282